Municipis costaners de les comarques tarragonines (Catalunya) - Statistics

General Stats
  • This quiz has been taken 68 times
  • The average score is 18 of 21
Answers on the Map
Answers color-coded by a green-red scale on the quiz's map according to % correct below.
 
Answer Stats
Municipi % Correct
Amposta
96%
La Ràpita
96%
Salou
96%
Tarragona
96%
Cambrils
93%
Deltebre
93%
El Vendrell
93%
Torredembarra
93%
Cunit
89%
Alcanar
86%
Calafell
86%
L'Ametlla de Mar
86%
Vandellòs i l'Hospitalet de l'Infant
86%
Altafulla
82%
El Perelló
82%
L'Ampolla
82%
Sant Jaume d'Enveja
82%
Vila-seca
82%
Mont-roig del Camp
79%
Roda de Berà
79%
Creixell
75%
No matching quizzes found
Score Distribution
Percent of People with Each Score
Percentile by Number Answered
Your Score History
You have not taken this quiz